Central Library OPAC University of Rajshahi

Modern German short stories / (Record no. 20069)

MARC details
000 -LEADER
fixed length control field 00587nam a22002053 4500
001 - CONTROL NUMBER
control field 20069
003 - CONTROL NUMBER IDENTIFIER
rucl marc code BD-RjUL
005 - DATE AND TIME OF LATEST TRANSACTION
control field 20211209000521.0
008 - FIXED-LENGTH DATA ELEMENTS--GENERAL INFORMATION
fixed length control field 140226s1939 enk 000 1 eng d
035 ## - SYSTEM CONTROL NUMBER
System control number OCLC pks04068484 from D970304K
-- (BD-RjUL)20131
040 ## - CATALOGING SOURCE
Original cataloging agency EQO
Transcribing agency EQO
Language of cataloging eng
Modifying agency BD-RjUL
041 ## - LANGUAGE CODE
Language code of text/sound track or separate title eng
082 ## - DEWEY DECIMAL CLASSIFICATION NUMBER
Classification number 813.01
Author mark and year MOD
245 00 - TITLE STATEMENT
Title Modern German short stories /
Statement of responsibility, etc. Translated by Zahoorul Huq
260 ## - PUBLICATION, DISTRIBUTION, ETC. (IMPRINT)
Place of publication, distribution, etc. Karachi :
Date of publication, distribution, etc. 1939.
Name of publisher, distributor, etc. Begum Shazeda Huq,
300 ## - PHYSICAL DESCRIPTION
Pagination 127 p. ;
Size 19 cm.
650 ## - SUBJECT ADDED ENTRY--TOPICAL TERM
Topical term or geographic name as entry element Short stories
9 (RLIN) 61789
700 1# - ADDED ENTRY--PERSONAL NAME
Personal name Zahoorul Huq
942 ## - ADDED ENTRY ELEMENTS (KOHA)
Source of classification or shelving scheme Dewey Decimal Classification
Koha item type Books
Holdings
Lost status Source of classification or shelving scheme Damaged status Not for loan Collection code Permanent Location Current Location Shelving location Date acquired Source of acquisition Cost, normal purchase price Total Checkouts Full call number Date last seen Copy number Koha item type
  Dewey Decimal Classification   Not For Loan Fiction Central Library, University of Rajshahi Central Library, University of Rajshahi Reading Room 03/11/1990 Shukat osman 0.00   813.01 MOD 1939 26/02/2014 C-1 Books